| 000 | 00639nam a22001937a 4500 | ||
|---|---|---|---|
| 999 |
_c194289 _d194289 |
||
| 005 | 20221213162612.0 | ||
| 010 | _aUR-11795 | ||
| 020 |
_a9789393785374 _c200.00 |
||
| 035 | _aU-10350 | ||
| 037 |
_bDBAD/PUB _a- |
||
| 082 | _a270 | ||
| 100 | _aنقوی ، شمعون رضا | ||
| 245 |
_aعلم و فن / _cشمعون رضا نقوی _hا ر د و |
||
| 246 |
_aIlm-o-Fan (knowledge & art) / _bby Shamoon Raza Naqvi |
||
| 260 |
_aNew Delhi _bEducational Publishing House _c2021 ء |
||
| 270 |
_aH.o. D1/16, Ansari Road, Darya Ganj _bNew Delhi _e110002 |
||
| 300 |
_a104 ص _c23cm(Hb) |
||
| 942 |
_2ddc _cUR _mن ق و _h270 |
||